Las diferencias de cambio y la ley 22.491 (Registro nro. 23774)

Detalles MARC
000 -LEADER
fixed length control field 00372 a2200121 4500
001 - CONTROL NUMBER
control field ART_9654
005 - DATE AND TIME OF LATEST TRANSACTION
control field 20260410161837.0
008 - FIXED-LENGTH DATA ELEMENTS--GENERAL INFORMATION
fixed length control field 260409a
100 1# - MAIN ENTRY--PERSONAL NAME
Personal name Wainstein, Mario
245 10 - TITLE STATEMENT
Title Las diferencias de cambio y la ley 22.491
700 1# - ADDED ENTRY--PERSONAL NAME
Personal name del Castillo, Daniel
773 0# - HOST ITEM ENTRY
Title Contabilidad y administración
Related parts - Año 6, Nº 58 (abr. 1982)
Record control number REV5485

No hay ítems disponibles.